Assignment of Appropriate Conditions for Synthesizing Tungsten Nanopowder by Electric Explosion of Conductors; IOP Conference Series: Materials Science and Engineering; Vol. 142 : Innovative Technologies in Engineering

Bibliografische gegevens
Parent link:IOP Conference Series: Materials Science and Engineering
Vol. 142 : Innovative Technologies in Engineering.— 2016.— [012020, 6 p.]
Coauteurs: Национальный исследовательский Томский политехнический университет (ТПУ) Юргинский технологический институт (филиал) (ЮТИ) Кафедра сварочного производства (КСП), Национальный исследовательский Томский политехнический университет (ТПУ) Институт физики высоких технологий (ИФВТ) Лаборатория № 12
Andere auteurs: Zhuravkov S. P. Sergey Petrovich, Pustovalov A. V. Aleksey Vitalievich, Kuznetsov M. A. Maksim Aleksandrovich, Rosliy I. S., Zernin E. A. Evgeny Aleksandrovich
Samenvatting:Title screen
The paper provides the results of experimental research into properties of tungsten nanopowders synthesized by electric explosion of a conductor in argon at various energies, put into the conductor when exploding. The authors have studied how the conditions of synthesizing the tungsten nanopowder influence on the average size of particles.
Taal:Engels
Gepubliceerd in: 2016
Onderwerpen:
Online toegang:http://dx.doi.org/10.1088/1757-899X/142/1/012020
http://earchive.tpu.ru/handle/11683/34704
Formaat: Elektronisch Hoofdstuk
KOHA link:https://koha.lib.tpu.ru/cgi-bin/koha/opac-detail.pl?biblionumber=650379

MARC

LEADER 00000nla2a2200000 4500
001 650379
005 20240205112100.0
035 |a (RuTPU)RU\TPU\network\15597 
035 |a RU\TPU\network\15596 
090 |a 650379 
100 |a 20161004a2016 k y0engy50 ba 
101 0 |a eng 
102 |a GB 
105 |a y z 100zy 
135 |a drcn ---uucaa 
181 0 |a i  
182 0 |a b 
200 1 |a Assignment of Appropriate Conditions for Synthesizing Tungsten Nanopowder by Electric Explosion of Conductors  |f S. P. Zhuravkov, A. V. Pustovalov, M. A. Kuznetsov [et al.] 
203 |a Text  |c electronic 
300 |a Title screen 
320 |a [References: 8 tit.] 
330 |a The paper provides the results of experimental research into properties of tungsten nanopowders synthesized by electric explosion of a conductor in argon at various energies, put into the conductor when exploding. The authors have studied how the conditions of synthesizing the tungsten nanopowder influence on the average size of particles. 
461 0 |0 (RuTPU)RU\TPU\network\2008  |t IOP Conference Series: Materials Science and Engineering 
463 0 |0 (RuTPU)RU\TPU\network\15319  |t Vol. 142 : Innovative Technologies in Engineering  |o VII International Scientific Practical Conference, 19–21 May 2016, Yurga, Russian Federation  |o [proceedings]  |v [012020, 6 p.]  |d 2016 
610 1 |a электронный ресурс 
610 1 |a труды учёных ТПУ 
610 1 |a нанопорошки 
610 1 |a электрические взрывы 
610 1 |a проводники 
610 1 |a аргон 
610 1 |a вольфрам 
701 1 |a Zhuravkov  |b S. P.  |c chemist  |c Leading Researcher, Associate Professor of Tomsk Polytechnic University, Candidate of Chemical Sciences  |f 1961-  |g Sergey Petrovich  |3 (RuTPU)RU\TPU\pers\31297  |9 15475 
701 1 |a Pustovalov  |b A. V.  |c specialist in the field of electrical engineering  |c Associate Scientist of Tomsk Polytechnic University  |f 1986-  |g Aleksey Vitalievich  |3 (RuTPU)RU\TPU\pers\33698  |9 17329 
701 1 |a Kuznetsov  |b M. A.  |c specialist in the field of welding production  |c Associate Professor of the Yurga Technological Institute (branch) of Tomsk Polytechnic University, Candidate of Technical Sciences  |f 1985-  |g Maksim Aleksandrovich  |3 (RuTPU)RU\TPU\pers\34486  |9 17869 
701 1 |a Rosliy  |b I. S. 
701 1 |a Zernin  |b E. A.  |c Specialist in the field of welding production  |c Head of the Department of Yurga technological Institute of Tomsk Polytechnic University, Candidate of technical sciences  |f 1977-  |g Evgeny Aleksandrovich  |3 (RuTPU)RU\TPU\pers\34485  |9 17868 
712 0 2 |a Национальный исследовательский Томский политехнический университет (ТПУ)  |b Юргинский технологический институт (филиал) (ЮТИ)  |b Кафедра сварочного производства (КСП)  |3 (RuTPU)RU\TPU\col\18891 
712 0 2 |a Национальный исследовательский Томский политехнический университет (ТПУ)  |b Институт физики высоких технологий (ИФВТ)  |b Лаборатория № 12  |3 (RuTPU)RU\TPU\col\19054 
801 2 |a RU  |b 63413507  |c 20230201  |g RCR 
856 4 |u http://dx.doi.org/10.1088/1757-899X/142/1/012020 
856 4 |u http://earchive.tpu.ru/handle/11683/34704 
942 |c CF